[Event "Paracin Summer op 14th"]
[Site "Paracin"]
[Date "2021.07.09"]
[Round "1"]
[White "Souhardo, Basak"]
[Black "Gokcek, Kursat Bugra"]
[Result "0-1"]
[WhiteElo "2364"]
[BlackElo "2089"]
[PlyCount "82"]
[EventDate "2021.07.09"]
[EventType "swiss"]
[EventRounds "9"]
[EventCountry "SRB"]
[SourceTitle "EXT 2022"]
[Source "ChessBase"]
[SourceDate "2021.10.06"]
[SourceVersion "1"]
[SourceVersionDate "2021.10.06"]
[SourceQuality "1"]

1. e4 c5 2. Nf3 e6 3. d4 cxd4 4. Nxd4 Nc6 5. Nc3 Qc7 6. Be3 a6 7. Be2 Nf6 8. 0-0 Be7 9. f4 d6 10. Qe1 Nxd4 11. Bxd4 0-0 12. Qg3 b5 13. Bd3 Bb7 14. a3 g6 15. Rae1 Nh5 16. Qe3 Nxf4 17. Rxf4 e5 18. Rf3 exd4 19. Qh6 Bg5 20. Qxg5 dxc3 21. b4 Rae8 22. Rf6 Re5 23. Qh4 Qe7 24. Re3 Re8 25. Qf4 Bc8 26. g4 Bxg4 27. Rg3 Kg7 28. Rxd6 Qxd6 29. Qxg4 a5 30. bxa5 Qxa3 31. Qd7 Qxa5 32. Qd4 b4 33. Kg2 Qc5 34. Qd7 b3 35. cxb3 c2 36. Bc4 c1Q 37. Qxf7+ Kh6 38. Rh3+ Rh5 39. Rxh5+ Qxh5 40. Qxe8 Qg4+ 41. Kf2 Qcg1# 0-1

[Event "Belgrade Serbia op"]
[Site "Belgrade"]
[Date "2021.07.08"]
[Round "9"]
[White "Souhardo, Basak"]
[Black "Sedlak, Nikola"]
[Result "1/2-1/2"]
[WhiteElo "2364"]
[BlackElo "2519"]
[PlyCount "101"]
[EventDate "2021.07.02"]
[EventType "swiss"]
[EventRounds "9"]
[EventCountry "SRB"]
[SourceTitle "EXT 2022"]
[Source "ChessBase"]
[SourceDate "2021.10.06"]
[SourceVersion "1"]
[SourceVersionDate "2021.10.06"]
[SourceQuality "1"]

1. e4 e5 2. Nf3 Nc6 3. Bb5 a6 4. Ba4 d6 5. 0-0 Bd7 6. c3 g6 7. d4 Bg7 8. d5 Nce7 9. Bxd7+ Qxd7 10. c4 h6 11. Nc3 f5 12. Ne1 Nf6 13. f3 c6 14. Qb3 b5 15. dxc6 Nxc6 16. cxb5 Nd4 17. Qb4 Nxb5 18. Be3 Nxc3 19. bxc3 0-0 20. Rd1 Rfd8 21. Bb6 Rab8 22. Qc4+ d5 23. Rxd5 Nxd5 24. Bxd8 Rxd8 25. exd5 Qxd5 26. Qxa6 Qc5+ 27. Kh1 Kh7 28. h4 Rd6 29. Qe2 Qxc3 30. h5 gxh5 31. Qc2 Qxc2 32. Nxc2 Rd2 33. Ne3 Kg6 34. Re1 Rxa2 35. Nc4 Kg5 36. Nxe5 Kf4 37. Ng6+ Kg3 38. Ne7 Ra5 39. f4 Bf6 40. Re3+ Kg4 41. Ng8 Bg7 42. Re7 Bd4 43. Nxh6+ Kxf4 44. Rf7 Ra1+ 45. Kh2 Be5 46. g3+ Ke4 47. Nxf5 Ra3 48. Kh3 Rf3 49. Nd6+ Bxd6 50. Rxf3 Kxf3 51. Kh4 1/2-1/2

[Event "Belgrade Serbia op"]
[Site "Belgrade"]
[Date "2021.07.04"]
[Round "4"]
[White "Erenberg, Ariel"]
[Black "Souhardo, Basak"]
[Result "1-0"]
[WhiteElo "2506"]
[BlackElo "2364"]
[PlyCount "119"]
[EventDate "2021.07.02"]
[EventType "swiss"]
[EventRounds "9"]
[EventCountry "SRB"]
[SourceTitle "CBM 203 Extra"]
[Source "ChessBase"]
[SourceDate "2021.09.30"]
[SourceVersion "1"]
[SourceVersionDate "2021.09.30"]
[SourceQuality "1"]

1. c4 e6 2. Nf3 Nf6 3. g3 d5 4. Bg2 Be7 5. 0-0 0-0 6. d4 dxc4 7. Qc2 a6 8. a4 Bd7 9. Qxc4 Bc6 10. Bg5 Bd5 11. Qc2 Be4 12. Qd1 h6 13. Bxf6 Bxf6 14. Nc3 Bxf3 15. Bxf3 c6 16. e3 a5 17. Qb3 Qd7 18. Ne4 Be7 19. h4 Na6 20. Rfd1 Qc7 21. Rac1 Rfd8 22. Kg2 Rd7 23. h5 Rad8 24. Be2 Nb4 25. Nc5 Bxc5 26. Rxc5 Rd5 27. Rcc1 Qe7 28. Bf3 R5d6 29. Qc4 b6 30. Rd2 e5 31. Rcd1 e4 32. Be2 Qg5 33. Rh1 Nd5 34. Qc2 Qf5 35. Rh4 Re8 36. Kg1 Rf6 37. Bg4 Qg5 38. Qb3 Kh8 39. Bh3 Rf3 40. Bg2 Rxg3 41. fxg3 Qxg3 42. Rh2 f5 43. Rf2 f4 44. Rh3 Qg4 45. Rxf4 Nxf4 46. exf4 Qxf4 47. Qe3 Qg4 48. Kh2 Re7 49. Qg3 Qf5 50. Qh4 Re8 51. Re3 Qd5 52. Rxe4 Rxe4 53. Qxe4 Qxh5+ 54. Bh3 Qg5 55. b3 h5 56. Qe5 Qh4 57. Qe3 g5 58. Kg1 g4 59. Bg2 g3 60. d5 1-0